000 01070na a2200301 4500
001 15677
003 MIRAKIL
005 20181213154825.0
008 160920b tu 000 0
020 _a9876922
035 _a15677
040 _aMilas
_btur
_cTR-AnCHP
082 _a342.56107
_bS59s 2005
090 _a342.56107 S59s 2005
111 _aSiyasi Partiler ve Seçim Kanunlarında Değişiklik Önerileri
_cAnkara
_d2005
245 _aSiyasi partiler ve seçim kanunlarında değişiklik önerileri
_b18-19 şubat 2005 Ankara
_cyayına hazırlayanlar Erol Tuncer, Cavit Sıdal, Hanife Yurtseven
260 _aAnkara
_bTESAV
_c2005
300 _a253 s.
_c24 sm.
490 _aTESAV yayınları
_v28
650 _aSeçim hukuku
_xToplantılar
_zTürkiye
650 _aKanun değişiklikleri
_xToplantılar
_zTürkiye
650 _aSiyasal Partiler Kanunu
_xToplantılar
_zTürkiye
650 _aSeçim kanunları
_xÖneriler
_yToplantılar
_zTürkiye
700 _aYurtseven, Hanife
700 _aSıdal, Cavit
700 _aTuncer, Erol
942 _2ddc
_cBKS
999 _c1512
_d1512